| 000 | 00451nam a2200169 4500 | ||
|---|---|---|---|
| 003 | SEACOMMC | ||
| 005 | 20250429114508.0 | ||
| 008 | 241223b |||||||| |||| 00| 0 eng d | ||
| 020 |
_a81-259-0530-8 _cRs.150.00 |
||
| 040 | _aSEACOMMC | ||
| 082 |
_a004.678 _bL 579 |
||
| 100 | _aLeon, Alexis | ||
| 245 | 1 |
_aInternet for Everyone _cAlexis Leon [and] Mathews Leon |
|
| 260 |
_aNew Delhi _b Leon-Vikas _c 1998 |
||
| 650 | _aComputer Science | ||
| 942 | _cBOOK | ||
| 999 |
_c928 _d928 |
||